| 000 | 00452nam a2200181Ia 4500 | ||
|---|---|---|---|
| 001 | 21255 | ||
| 003 | IN-NITTTR | ||
| 005 | 20251114233242.0 | ||
| 008 | 251113s9999||||xx |||||||||||||| ||eng|| | ||
| 040 | _beng | ||
| 040 | _cIN-NITTTR | ||
| 041 | _aeng | ||
| 082 | _a005.133 J249T R | ||
| 100 | _aJamsa, Kris | ||
| 245 | 0 |
_aTurbo Pascal : _b programmer's library. / _cJamsa, Kris, Nameroff, Steven |
|
| 700 | _a Nameroff, Steven | ||
| 942 |
_2ddc _cBK |
||
| 999 |
_c23885 _d23885 |
||